| 000 | 00924nam a2200229 a 4500 | ||
|---|---|---|---|
| 001 | 71514 | ||
| 003 | BD-RjUL | ||
| 005 | 20230301154131.0 | ||
| 008 | 170504s1975 bg |||| |||| 000 0 ben d | ||
| 035 | _a(BD-RjUL)71730 | ||
| 040 |
_aBD-RjUL _bben _cBD-RjUL _dBD-RjUL |
||
| 041 | _aben | ||
| 082 |
_223 _a954.924 _bRAN 1975 |
||
| 245 | 1 | 0 |
_aরঙ্গপুর জেলার ইতিহাস / _cমোহাম্মদ লুৎফর রহমান |
| 260 |
_aরংপুর : _bঐতিহাসিক তথ্য সংগ্রহ পরিষদ, _c১৯৭৫ [১৩৮২] |
||
| 300 |
_aপার্ট. ; _c৩২ সেমি. |
||
| 505 | _aপার্ট. ১-- | ||
| 651 |
_aবাংলাদেশ (রংপুর) _xইতিহাস _9203383 |
||
| 651 |
_aBanglades (Rangpur) _xHistory _9211592 |
||
| 700 | 1 |
_aরহমান, মোহাম্মদ লুৎফর _97102 |
|
| 942 |
_2ddc _cBK |
||
| 999 |
_c71514 _d71514 |
||